000
00321nam a2200133Ia 4500
008
231129s1996||||xx |||||||||||||| ||spa||
040
_b
spa
082
_a
Co861 รณ15c
100
_a
Ocampo Correa German
245
0
_a
Conjuros para ahuyentar la soledad
260
_c
1996
264
_a
[sin editorial]
942
_2
ddc
_c
BKS
999
_c
7924
_d
7924